| 000 | 01526nam a2200301 a 4500 | ||
|---|---|---|---|
| 001 | 61924 | ||
| 003 | BD-RjUL | ||
| 005 | 20211209081023.0 | ||
| 008 | 170122s2007 bg a s o000 0|eng|| | ||
| 020 |
_a9845087256 _c: Tk. 500.00 Inland |
||
| 035 | _a(BD-RjUL)62049 | ||
| 040 |
_aDLC _cDLC _dDLC _dBD-RjUL _beng |
||
| 041 | 0 | _aengben | |
| 082 |
_223 _a304.6095492021 _bSAT 2007 (CS) |
||
| 110 |
_aBangladesh Bureau of Statistics. _9179266 |
||
| 245 | 1 | 0 |
_aBangladesh population census-2001 = বাংলাদেশ আদমশুমারি-২০০১ : _bCommunity series, Zila: Satkhira = কমিউনিটি সিরিজ, জেলা: সাতক্ষীরা / _cBangladesh Bureau of Statistics. |
| 246 |
_aবাংলাদেশ আদমশুমারি-২০০১ : _bকমিউনিটি সিরিজ, জেলা: সাতক্ষীরা |
||
| 260 |
_aDhaka : _bBangladesh Bureau of Statistics, _c2007. |
||
| 300 |
_axiv,269 p. : _bill. ; _c28 cm. |
||
| 490 | _aCommunity series, Zila: Satkhira | ||
| 490 | _aকমিউনিটি সিরিজ, জেলা: সাতক্ষীরা | ||
| 500 | _aPrefatory matter in Bengali and English. | ||
| 651 |
_aBangladesh _z Satkhira _vCensus,2001 _9183879 |
||
| 651 |
_aBangladesh _z Satkhira _xPopulation _vStatistics. _9180165 _y2001 |
||
| 830 |
_aCommunity series, Zila: Satkhira _9180166 |
||
| 830 |
_aকমিউনিটি সিরিজ, জেলা: সাতক্ষীরা _9186207 |
||
| 942 |
_2ddc _cRAR |
||
| 999 |
_c61924 _d61924 |
||